00657nam a2200169 i 450000100060000000300090000600700030001500800410001810000300005924501390008926000290022830000200025770000370027785200340031499900170034895201220036533079ES-MaACLt|030201s1928 sp ||||1| spa d1 aBeraud, Francisco.92783110aLegislación hipotecaria b: obra adaptada al programa de oposiciones a registros / cpor Francisco Beraud y Antonio Ríos Mosquera. aMadrid : bReus, c1928. a2 v. ; c23 cm.1 aRíos Mosquera, Antonio.997388 aES-MaACLjB-9141-42 bR.18721 c33079d33079 00104070aATENEOMbATENEOMcSPBd2008-01-17eSCl0oB-9141-42p1034382r2023-02-23 00:00:00w2023-02-23yMONOGRAFIA